Ethics and the environment

Bibliographic Details
Format: Electronic Journal
Language:English
Published: Greenwich, Conn. : JAI Press
Stanford, Conn. : Indiania University Press
Bloomington, IN :
Subjects:
Online Access:Full text available from Research Library: 10/01/2003 to present

MARC

LEADER 00000nas a2200000 a 4500
001 ssj0005057
003 WaSeSS
005 20200512172242.0
006 m d
007 cr n
008 010419c19969999inufr p s 0 a0eng c
010 |a  2001213246 
016 7 |a 2025500 -7  |2 DE-600 
022 |a 1535-5306  |l 1085-6633  |y 1085-6633 
030 |a EENVF3 
035 |a (WaSeSS)ssj0005057 
040 |a JHE  |b eng  |c JHE  |d NSD  |d EYM  |d OCLCQ  |d MUQ  |d NSD  |d IUL  |d DOS  |d AZU  |d OCLCQ  |d DLC  |d EYM  |d OCLCQ  |d OCLCF  |d OCLCQ  |d WT2  |d GILDS  |d OCLCQ  |d TOF  |d OCLCO  |d WYU  |d VT2  |d SFB  |d OCLCQ  |d OCLCO  |d WaSeSS 
042 |a pcc  |a nsdp 
050 1 4 |a GE42  |b .E843 
082 1 0 |a 179  |2 13 
130 0 |a Ethics and the environment (Online) 
210 0 |a Ethics environ.  |b (Online) 
222 0 |a Ethics & the environment  |b (Online) 
245 1 0 |a Ethics and the environment  |h [electronic resource]. 
246 3 |a Ethics & the environment 
260 |3 spring 1996-fall 2000 :  |a Greenwich, Conn. :  |b JAI Press 
260 2 |3 spring 1998-autumn 1997 :  |a Stanford, Conn. :  |b JAI Press 
260 3 |3 2001- :  |a Bloomington, IN :  |b Indiania University Press 
310 |a Semiannual 
362 0 |a Vol. 1, no. 1 (spring 1996)- 
500 |a Title from cover (JSTOR, viewed Oct. 7, 2010). 
506 |a License restrictions may limit access. 
538 |a Mode of access: World Wide Web. 
588 1 |a Vol. 13, no. 1 (spring 2008) (Project Muse, viewed June 17, 2008). 
650 0 |a Environmental ethics  |v Periodicals. 
650 0 |a Ecology  |x Philosophy  |v Periodicals. 
650 6 |a Éthique de l'environnement  |v Périodiques. 
650 6 |a Écologie  |x Philosophie  |v Périodiques. 
650 7 |a Ecology  |x Philosophy.  |2 fast  |0 (OCoLC)fst00901514 
650 7 |a Environmental ethics.  |2 fast  |0 (OCoLC)fst00912979 
655 0 |a Electronic journals. 
776 0 8 |i Print version:  |t Ethics and the environment  |x 1085-6633  |w (DLC) 96648332  |w (OCoLC)33395614 
853 2 0 |8 1  |a v.  |b no.  |u 2  |v r  |i (year)  |j (season)  |w f  |x 21  |y ps21,23 
856 4 0 |z Full text available from Research Library: 10/01/2003 to present  |u https://search.proquest.com/publication/33535 
863 4 1 |8 1.1  |a <6>  |b <1>  |i <2001>  |j <21>